000 00779 a2200265 4500
003 CBULib
005 20241029070834.0
008 241016b |||||||| |||| 00| 0 eng d
020 _a9780323354943
040 _bEnglish
_cCBULib
_erda
041 _aeng
050 _aSF 760 She
100 _aSheldon, C. C.
245 _aAnimal restraint for veterinary professionals
_c/ by C.C. Sheldon
250 _aSecond edition
260 _bElsevier,
_c2017
_aMissouri :
300 _aix, 240 pages : illustrations
336 _2rdacontent
_aText |
_btxt
337 _2rdamedia
_aUnmediated |
_bn
338 _2rdacarrier
_aVolume
_bnc
650 0 _93725
_aANIMAL IMMOBILIZATION
700 _93726
_aSonsthagen, Teresa F.
700 _93727
_aTopel, James A.
942 _2lcc
_c002
999 _c85651
_d85651